Etiquette en France; Коммуникативные аспекты языка и культуры; Ч. 3

Bibliografiske detaljer
Parent link:Коммуникативные аспекты языка и культуры: сборник материалов XIII Международной научно-практической конференции студентов и молодых ученых, г. Томск, 28-30 мая 2013 г./ Национальный исследовательский Томский политехнический университет (ТПУ), Институт международного образования и языковой коммуникации (ИМОЯК) ; под ред. С. А. Песоцкой.— , 2013
Ч. 3.— 2013.— [С. 140-143]
Hovedforfatter: Cérikova N. A.
Institution som forfatter: Национальный исследовательский Томский политехнический университет
Andre forfattere: Antropjanskaja L. N. Liliya Nikolaevna (научный руководитель)
Summary:Заглавие с титульного экрана
Sprog:fransk
Udgivet: 2013
Serier:Переводческая деятельность студентов нелингвистических специальностей
Fag:
Online adgang:http://www.lib.tpu.ru/fulltext/c/2013/C77/V3/055.pdf
Format: Electronisk Book Chapter
KOHA link:https://koha.lib.tpu.ru/cgi-bin/koha/opac-detail.pl?biblionumber=608488

MARC

LEADER 00000naa2a2200000 4500
001 608488
005 20260323134832.0
035 |a (RuTPU)RU\TPU\conf\5919 
035 |a RU\TPU\conf\5917 
090 |a 608488 
100 |a 20141001d2013 k y0rusy50 ba 
101 0 |a fre 
102 |a RU 
135 |a drcn ---uucaa 
181 0 |a i  
182 0 |a b 
200 1 |a Etiquette en France  |f N. A. Cérikova  |g direct. sciet. L. N. Antropjanskaja 
203 |a Текст  |c электронный 
225 1 |a Переводческая деятельность студентов нелингвистических специальностей 
300 |a Заглавие с титульного экрана 
320 |a [Библиогр.: с. 142-143 (3 назв.)] 
337 |a Adobe Reader 
461 1 |0 (RuTPU)RU\TPU\conf\4568  |t Коммуникативные аспекты языка и культуры  |o сборник материалов XIII Международной научно-практической конференции студентов и молодых ученых, г. Томск, 28-30 мая 2013 г.  |o в 3 ч.  |f Национальный исследовательский Томский политехнический университет (ТПУ), Институт международного образования и языковой коммуникации (ИМОЯК) ; под ред. С. А. Песоцкой  |d 2013 
463 0 |0 (RuTPU)RU\TPU\conf\4573  |t Ч. 3  |v [С. 140-143]  |d 2013 
610 1 |a труды учёных ТПУ 
610 1 |a электронный ресурс 
700 1 |a Cérikova  |b N. A. 
702 1 |a Antropjanskaja  |b L. N.  |c Expert dans le domaine de la philosophie sociale, le Linguiste  |c Le chargé de cours de l'Université polytechnique de Tomsk, le Candidat des Sciences psychologiques  |f 1952-  |g Liliya Nikolaevna  |4 727 
712 0 2 |a Национальный исследовательский Томский политехнический университет  |c (2009- )  |9 26305 
801 2 |a RU  |b 63413507  |c 20141120  |g RCR 
850 |a 63413507 
856 4 |u http://www.lib.tpu.ru/fulltext/c/2013/C77/V3/055.pdf 
942 |c BK